<?xml version="1.0" encoding="UTF-8"?>
<marc:record xmlns:marc="http://www.loc.gov/MARC21/slim">
   <marc:leader>00000nam a2200000 a 4500</marc:leader>
   <marc:datafield ind1="1" ind2=" " tag="100">
      <marc:subfield code="a">Thiemeyer, Thomas</marc:subfield>
      <marc:subfield code="4">aut</marc:subfield>
      <marc:subfield code="e">Verfasser/-in</marc:subfield>
   </marc:datafield>
   <marc:datafield ind1="0" ind2="0" tag="245">
      <marc:subfield code="a">Nebra</marc:subfield>
   </marc:datafield>
   <marc:datafield ind1="0" ind2="0" tag="245">
      <marc:subfield code="b">Thriller</marc:subfield>
   </marc:datafield>
   <marc:datafield ind1=" " ind2="1" tag="264">
      <marc:subfield code="b">Thomas Thiemeyer Verlag</marc:subfield>
      <marc:subfield code="c">2009</marc:subfield>
   </marc:datafield>
   <marc:datafield ind1="1" ind2=" " tag="490">
      <marc:subfield code="a">Hannah Peters</marc:subfield>
   </marc:datafield>
   <marc:datafield ind1="1" ind2=" " tag="520">
      <marc:subfield code="a">Rund um den Brocken im Harz bereiten sich Hotels und Gemeinden auf den Touristenrummel zu Walpurgis vor. Auch die Archäologin Hannah Peters ist dorthin unterwegs; sie soll sie die geheimnisumwitterte Himmelsscheibe von Nebra erforschen, einen sensationellen bronzezeitlichen Fund aus der Gegend.

Was sie nicht wissen kann: Die Scheibe ist das Objekt der Begierde eines dunklen Kultes, der in den Höhlen des Harzgebirges seit langem darauf lauert, einen alles vernichtenden  Ritus zu zelebrieren. Unmerklich wird Hannah in die Machenschaften des Kultes hineingezogen - und schon bald kündigen seltsame Himmelserscheinungen eine Walpurgisnacht an, die nie wieder enden wird ...

Teil 2 der Hannah-Peters-Reihe!</marc:subfield>
   </marc:datafield>
   <marc:datafield ind1=" " ind2=" " tag="020">
      <marc:subfield code="a">9783948093464</marc:subfield>
      <marc:subfield code="9">9783948093464</marc:subfield>
   </marc:datafield>
</marc:record>
